Statistics for Mountains By Picture

Click here to take the quiz!

General Stats

  • This quiz has been taken 79 times
  • The average score is 10 of 15

Answer Stats

Answer% Correct
Mount Everest
98%
Matterhorn
93%
Mount Kilimanjaro
93%
Mount Fuji
91%
K2
90%
Table Mountain
86%
Denali
76%
Mount Elbrus
64%
Mount Rainier
62%
Aconcagua
60%
Mount Whitney
48%
Sugarloaf Mountain
48%
Aoraki
45%
Mount Erebus
26%
Mount Olympus
26%

Score Distribution

Percentile by Number Answered

Percent of People with Each Score

Your Score History

You have not taken this quiz